|
|
|
|
| LEADER |
00000cam a2200000 4500 |
| 001 |
vtls012226122 |
| 003 |
SK-MaSNL |
| 005 |
20260301192419.0 |
| 008 |
230324s2017 xo f 2 000 0 slo |
| 015 |
|
|
|a SNBA2017
|
| 020 |
|
|
|q (brožované)
|
| 040 |
|
|
|a SNK
|b slo
|c SNK
|e rda
|
| 041 |
0 |
|
|a slo
|
| 044 |
|
|
|a xo
|c SK
|
| 072 |
|
7 |
|a 025
|x Organizácia knižníc a knižničných fondov
|2 konspekt
|
| 080 |
|
|
|a 651.5/.7
|2 2011
|
| 080 |
|
|
|a (083.8)
|2 2011
|
| 080 |
|
|
|a 002.1
|2 2011
|
| 080 |
|
|
|a (04)
|2 2011
|
| 080 |
|
|
|a 025
|2 2011
|
| 245 |
0 |
0 |
|a Písomnosti Henricha Bartka vo fondoch slovenských archívov
|b (Separát)
|c prichystali Ján Kačala a Jozef M. Rydlo
|
| 264 |
|
1 |
|a Bratislava
|b Post Scriptum
|c 2017
|
| 300 |
|
|
|a strana 257-290
|c 20 cm
|
| 336 |
|
|
|a text
|b txt
|2 rdacontent
|
| 337 |
|
|
|a bez média
|b n
|2 rdamedia
|
| 338 |
|
|
|a zväzok
|b nc
|2 rdacarrier
|
| 600 |
1 |
7 |
|a Bartek, Henrich,
|d 1907-1986
|2 SNKMA
|9 108315
|
| 650 |
0 |
7 |
|a písomnosti
|2 SNKPH
|9 18192
|
| 650 |
0 |
7 |
|a Letters
|2 SNKPHeng
|9 348620
|
| 650 |
0 |
7 |
|a dokumenty
|2 SNKPH
|9 21311
|
| 650 |
0 |
7 |
|a Documents
|2 SNKPHeng
|9 275872
|
| 650 |
0 |
7 |
|a knižničné fondy
|2 SNKPH
|9 1300
|
| 650 |
0 |
7 |
|a Library holdings (stock)
|2 SNKPHeng
|9 335569
|
| 655 |
|
7 |
|a súpisy
|2 SNKPH
|9 70480
|
| 655 |
|
7 |
|a Inventories
|2 SNKPHeng
|9 266628
|
| 655 |
|
7 |
|a separáty
|2 SNKPH
|9 70334
|
| 655 |
|
7 |
|a Offprints
|2 SNKPHeng
|9 332606
|
| 700 |
1 |
|
|a Kačala, Ján,
|d 1937-
|4 com
|9 89383
|
| 700 |
1 |
|
|a Rydlo, Jozef M.,
|d 1948-
|4 aui
|4 com
|9 207120
|
| 787 |
0 |
8 |
|i Separátny odtlačok z:
|t Henrich Bartek v slovenskej jazykovede a kultúre
|d Bratislava : Post Scriptum, 2017
|
| 852 |
|
|
|a Slovenská národná knižnica
|
| 954 |
|
|
|a odborná, vedecká literatúra pôvodná (slovenská)
|2 lita
|
| 999 |
|
|
|c 874151
|d 876081
|
| 952 |
|
|
|a SNK
|b SNK
|y PREZ
|7 0
|p 17A1525836
|o snkSC 202152
|i snk2023/5118
|8 1
|0 0
|1 0
|4 0
|d 2023-03-24
|f 1
|l 0
|r 2026-02-24 05:53:26
|w 2026-02-24
|
| 952 |
|
|
|a SNK
|b SNK
|y VYP
|7 0
|p 17A1525837
|o snkSC 202152 D1
|i snk2023/5119
|8 1
|0 0
|1 0
|4 0
|d 2023-03-24
|l 0
|r 2026-02-24 05:53:26
|w 2026-02-24
|